000
00298nam a22001337a 4500
008
170918b xxu||||| |||| 00| 0 eng d
020
_a
9780072389326
041
_a
eng
080
_2
6TH
_a
7
100
_a
44
101
_a
ART
245
_a
FILM ART AN INTRODUCTION
_c
BORDWELL,D
942
_2
udc
_c
BK
999
_c
27979
_d
27979